Регионална библиотека "Любен Каравелов" - Русе

Одисея в космоса (Запис номер 99991)

MARC детайли
000 -Лидер
Контролно поле с фиксирана дължина 01559nam a2200349 c 4500
003 - Код на организацията, давaща контролен номер
Контролно поле BLK
005 - Дата и час на последна редакция
Контролно поле 20240712113200.0
008 - Елементи от данни с фиксирана дължина
fixed length control field 180409b bul|||||r ||||||| ||bul||
010 ## - Наследен системен номер
LC control number KNG00105008000
020 ## - Международен стандартен номер на книга ISBN
Международен стандартен номер на книга ISBN 954-585-416-2
-- издат.: Бард
040 ## - Източник на каталожния запис
Идентификатор на билиотеката - собственик на записа BLK
041 ## - Код за език
Код за езика на текст/звукозапис или на отделно заглавие Български
Код за езика КДБФ Български
080 ## - УДК
Текстов определител УДК Английска литература
УДК код - определител по УДК 821.111
УДК определител -312.9
УДК - код + определител 821.111-312.9
100 ## - Редна дума - Автор
Автор Кларк, Артър Чарлс
Дати, свързани с автора 1917 - 2008
R(LIN) 243603
139 ## - Редно поле
Редна дума Кларк, Артър Чарлс
Авторски знак Кла - К 63
245 10 - Сведения за заглавието
Заглавие Одисея в космоса
Подзаглавни данни Роман
Редно поле (дума) Артър Чарлс Кларк; прев. от англ. Владимир Джейков.
257 ## - Страна на издаване
Страна на създаване/издаване Великобритания
260 ## - Област на издателските данни
-- София
Име на издателя, разпространителя и проч. Бард
Година на издаване 2003
Печатница Хасково : Полиграфюг
300 ## - Физическа характеристика
Страници 782 с.
Размери/Мащаб 21 см
380 ## - Жанр
Жанр Худож. лит.
490 1# - СЕРИИ (Колекции)
Име на серия Велики майстори на фентъзи и фантастика
500 ## - Общи забележки
Забележка Кн. съдържа : Одисея в Космоса 2001 ; Одисея в Космоса 2010 ; Одисея в Космоса 2061 ; Одисея в Космоса 3001. - Др. прев. : Мария Донева, Живко Тодоров, Крум Бъчваров. - Офс. изд.
653 ## - Ключова дума – ненормативна
Ключова дума фантастика
653 ## - Ключова дума – ненормативна
Ключова дума романи
700 1# - Други автори (авторска отговорност)
Лично име Джейков, Владимир
Автороска отговорност (Описва отношението между автора и произведението) прев. от англ.
9 (RLIN) 308286
852 ## - Местоположение
Форматна сигнатура Цб 214122
856 4# - Електронен адрес и достъп
Електронен формат pdf - файл
Път до файла /url/
856 4# - Електронен адрес и достъп
Електронен формат pdf - файл
Път до файла /url/
942 ## - АРТИКУЛИ
Вид на библиотечния материал Книги
Скрит в OPAC Не
Koha issues (borrowed), all copies 4
944 ## - СЪЗДАВАНЕ И РЕДАКЦИЯ на ЗАПИСА
Създаване/Редакция Създаване
Дата на регистрацията/редакция 01.01.2003
Служител, извършил регистрацията/редакцията 30560
Статус, дата на статуса Геновева Генчева
944 ## - СЪЗДАВАНЕ И РЕДАКЦИЯ на ЗАПИСА
Създаване/Редакция Редакция
Дата на регистрацията/редакция 21.02.2011
Служител, извършил регистрацията/редакцията
999 ## - СИСТЕМНИ КОНТРОЛНИ НОМЕРА
Koha biblionumber 99991
Koha biblioitemnumber 99991
Наличности
Код за отписване Код за изгубен артикул Източник на класификационната схема Код за повреда Коз за рестрикции Код за отдаване Артикулен № Име на библиотеката - собственик Име на библиотеката, в която се намира в момента Статус (Текущо местоположение) Дата на вписване в системата Местоположение - отдел Цена в лева Инвентарен номер Систематично азбучна сигнатура Баркод Номер на екземпляра Цена в евро Служебна бележка Служебен тип на артикула
  Не е изгубен Universal Decimal Classification Не е повреден без рестрикции заемане за дома 161036 Регионална библиотека "Любен Каравелов" Русе Регионална библиотека "Любен Каравелов" Русе Заемна - подръчен фонд 2003-02-20 Заемна - подръчен фонд 16.00 120000674844 П 820-31/К 63 120000674844 1 8.18 Дост: Pk Вид: Ф N: 4 Дата: 20.02.2003 Дата инв: 14.02.2018 Бележки инв: П2018 Книги
  Не е изгубен   Не е повреден без рестрикции ползва се в читалня 161037 Регионална библиотека "Любен Каравелов" Русе Регионална библиотека "Любен Каравелов" Русе Хранилище 2004-02-20 Хранилище 15.99 120000682948 Цб 214122 120000682948 2 8.18 Дост: Dp Вид: Д N: 14 Дата: 19.03.2003 Книги
Vip Innovations Ltd, Rousse, Bulgaria 2025